Statistics for Countries and Capitals Both Starting With B

Click here to take the quiz!

General Stats

  • This quiz has been taken 97 times
  • The average score is 9 of 12

Answer Stats

Answer% Correct
Belgium
96%
Brussels
94%
Brazil
89%
Brasilia
88%
Brunei
79%
Belize
78%
Burundi
76%
Barbados
75%
Belmopan
70%
Bandar Seri Begawan
64%
Bridgetown
61%
Bujumbura
60%

Score Distribution

Percentile by Number Answered

Percent of People with Each Score

Your Score History

You have not taken this quiz